000 01688nam0a2200385 4500
001 RU\NLR\BIBL_A\012567928
005 20211123104036.0
010 _a978-5-00171-845-1
_95000
021 _aRU
_bКН-П-21-017117
_9КН-П-21-1347
035 _a(NLR Aleph) 012567928
090 _a12481684
_c12481684
100 _a20210721d2021 b y0rusy50 ca
101 0 _arus
102 _aRU
105 _aa|||z|||000ay
181 0 _ab3
_bxb2e
181 0 _ai1
_baxxe
182 0 _an
200 1 _aИстория маленькой балерины
_eраскраска
_e[для детей дошкольного возраста
_eдля чтения взрослыми детям
_fЧепурнов Максим Валерьевич
_gхудожник-иллюстратор: Ольга Постолова]
203 _aИзображение
_aТекст
_bвизуальные
_cнепосредственные
210 _aМосква
_cПеро
_d2021
215 _a[22] с.
_cил., цв. ил.
_d26
225 1 _aСерия "Маленькая балерина"
300 _aНа концевой тит. с. в макете: Книжка-раскраска "История маленькой балерины"
300 _aАвт. указан в макете
333 _a0+
517 1 _aКнижка-раскраска "История маленькой балерины"
686 0 _aШ9(2)60=Р7-8
700 1 _aЧепурнов
_bМ. В.
_gМаксим Валерьевич
702 1 _aПостолова
_bО.
_gОльга
_4040
_4440
942 _cBOOK
980 _aNB